01408 a2200193 4500003000500000005001700005010001700022020001500039040000900054082001200063100001900075245007000094260003700164300003400201505091600235650001501151700002401166700002401190Nust20221011130910.0 a 77021392  a0070429251 cNust00a540,MOO1 aMoore, John W.10aChemistry /cJohn W. Moore, William G. Davies, Ronald W. Collins. aNew York :bMcGraw-Hill,cc1978. axii, 804 p. :bill. ;c25 cm. aIntroduction (Page-1), ATOMS, Molecules, and Chemical Reactions (Page-30), Using Chemical Equations in Calculations (Page-61), The Structure of Atoms (Page-96), The Electronic Structure of Atoms (Page-124), Chemical Bonding-Electron Pairs (Page-160), Further Aspects of Covalent Bonding (Page-199), Properties of Organic Compounding and other Substances (Page-240), Gases (Page-282), Solids, Liquids, and Solutions (Page-317), Reaction in Aqueous Solutions (Page-360), Chemistry of the Representative Elements (Page-400), Chemical Equilibrium (Page-432), Ionic Equilibria Aqueous Solutions (Page-469), Thermodynamics: Atoms, Molecules, and Energy (Page-511), Entropy and Spontaneous Reactions (Page-543), Electrochemical Cells (Page-581), Chemical Kinetics (Page-610), Nuclear Chemistry (Page-641), Molecules in Living Systems (Page-670) Spectra and Structure of Atoms and Molecules (Page-709) Metals (Page-744) 0aChemistry.1 aCollins, Ronald W.,1 aDavies, William G.,